| 000 | 00526nam a22001937a 4500 | ||
|---|---|---|---|
| 003 | CEME | ||
| 005 | 20210628203222.0 | ||
| 008 | 210122b xxu||||| |||| 00| 0 eng d | ||
| 020 | _a0-07-252829-X | ||
| 040 | _c. | ||
| 082 | _a363.7 ENG | ||
| 100 |
_aEnger, Eldon D, Smith, Bradley F _964056 |
||
| 245 | _aEnvironmental science, a study of interrelationships | ||
| 250 | _a10TH | ||
| 260 |
_aNEW YORK _bMCGRAW HILL _c2006 |
||
| 300 | _aXXIV,502 P | ||
| 650 |
_aENVIRONMENTAL SCIENCE TEXTBOOKS _964057 |
||
| 942 |
_cBK _2ddc |
||
| 999 |
_c572696 _d572696 |
||